Vector analysis with applications (Record no. 7970)

000 -LEADER
fixed length control field 00491nam a22001937a 4500
001 - CONTROL NUMBER
control field 7970
003 - CONTROL NUMBER IDENTIFIER
control field BD-DhUET
008 - FIXED-LENGTH DATA ELEMENTS--GENERAL INFORMATION
fixed length control field 141221b xxu||||| |||| 00| 0 eng d
040 ## - CATALOGING SOURCE
Transcribing agency 0
Modifying agency BD-DhUET
082 ## - DEWEY DECIMAL CLASSIFICATION NUMBER
Classification number 516.83
Item number ALI/1977
100 ## - MAIN ENTRY--PERSONAL NAME
Personal name Ali Ashraf
245 ## - TITLE STATEMENT
Title Vector analysis with applications
Statement of responsibility, etc. by Ali Ashraf
250 ## - EDITION STATEMENT
Edition statement 1st ed.
260 ## - PUBLICATION, DISTRIBUTION, ETC. (IMPRINT)
Place of publication, distribution, etc. Dhaka
Name of publisher, distributor, etc. Hafiz book centre
Date of publication, distribution, etc. 1977
300 ## - PHYSICAL DESCRIPTION
Extent 340[2]p.
Other physical details ill.
650 #0 - SUBJECT ADDED ENTRY--TOPICAL TERM
Topical term or geographic name as entry element Vector analysis
700 ## - ADDED ENTRY--PERSONAL NAME
Personal name Abdul Khaleq Hazra, Md.
942 ## - ADDED ENTRY ELEMENTS (KOHA)
Koha item type General Book
Holdings
Piece designation (barcode) Koha issues (times borrowed) Shelving location Location (home branch) Price effective from Not for loan Lost status Koha date last borrowed Sublocation or collection (holding branch) Date acquired Koha normalized classification for sorting Koha date last seen Source of classification or shelving scheme Koha item type Koha full call number Koha out on loan Withdrawn status Copy number Damaged status
4878213Circulation sectionCentral Library, BUET2014-12-21  2023-09-26Central Library, BUET2014-12-21516_830000000000000_ALI_19772025-11-09 General Book516.83/ALI/1977  1 
487859Circulation sectionCentral Library, BUET2015-03-31  2024-02-04Central Library, BUET2015-03-31516_830000000000000_ALI_19772024-02-04 General Book516.83/ALI/19772024-02-18 2 
56215 Reading sectionCentral Library, BUET2015-06-07   Central Library, BUET2015-06-07516_830000000000000_ALI_19772015-06-07 General Book516.83/ALI/1977  3 
56213 Reading sectionCentral Library, BUET2015-06-07   Central Library, BUET2015-06-07516_830000000000000_ALI_19772015-06-07 General Book516.83/ALI/1977  4 
56216 Reading sectionCentral Library, BUET2015-06-07   Central Library, BUET2015-06-07516_830000000000000_ALI_19772015-06-07 General Book516.83/ALI/1977  5 
56218 Reading sectionCentral Library, BUET2015-06-07   Central Library, BUET2015-06-07516_830000000000000_ALI_19772015-06-07 General Book516.83/ALI/1977  6 
562121Circulation sectionCentral Library, BUET2015-07-12  2024-10-23Central Library, BUET2015-07-12516_830000000000000_ALI_19772025-11-09 General Book516.83/ALI/1977  7